01188nab a22002657a 4500003000400000005001700004008004100021040001100062100002600073245008000099260007300179300001500252500003800267505019700305505008900502650005200591650002700643650001400670650002200684650001500706650002600721650002500747650001400772773013600786OSt20250312062538.0190603e xxum|||| |||| 00| 0 spa d cPJ-TDF aLeonardi, Juan Manuel13aDaño causado al hijo por falta de reconocimiento /cJuan Manuel Leonardi. cCiudad Autónoma de Buenos Aires :aThomson Reuters La Ley, b2024. ap. 139-148 aCita: TR LALEY AR/DOC/2344/2024.  a Sumario: I. Introducción.— II. Incidencia de la conducta de la madre.— III. La demora del hijo en promover el juicio de filiación.— IV. La deducción de su porcentaje hereditario.  t¿Te interesa el texto completo? Solicitalo al correo: koha@justierradelfuego.gov.ar 0aDERECHOS DE LAS NIÑAS, NIÑOS Y ADOLESCENTES 0aDERECHO A LA IDENTIDAD 0aFILIACION 0aABUSO DEL DERECHO 0aSUCESIONES 0aRESPONSABILIDAD CIVIL 0aDAÑOS Y PERJUICIOS 0aHEREDEROS0 02713dCiudad Autónoma de Buenos Aires : Thomson Reuters La Ley, 2015-tRevista Código Civil y Comercial. Nº 6 - Diciembre 2024